000 01822nam a22003377a 4500
999 _c455
_d455
003 AR-CdUCM
008 190223b ||||| |||| 00| 0 spa d
040 _aMUNICIPALIDAD PROVINCIAL DEL CUSCO
_cBIBLIOTECA MUNICIPAL DEL CUSCO
082 _a985.4 /
_bB45
100 _aBermejo, Vladimiro
_91790
245 _aHistoriadores y prosistas /
_cPrimer festival del libro Arequipeño
260 _aArequipa :
_bLumen;
_bMejía Baca,
_c1958.
300 _a166 páginas ;
_c17 cm.
500 _aDonación de la familia Nieto.
505 _aContenido: Descripción de la ciudad de Arequipa su población y agricultura -- La catedral de Arequipa -- Los primeros españoles en Arequipa -- Revolución de Arequipa a favor del general D. Manuel Ignacio Vivanco 1954 -- El fundador de Arequipa y el licenciado La Gasca -- Aportes para la historia de Arequipa -- La cuestión social de Arequipa -- Estudios de sociología Arequipeña, discurso preliminar -- Un capítulo de "El provinciano" -- Reminiscencias históricas de Arequipa, el año 1868 -- Arequipa y su sino histórico -- Mariano Melgar, su vida escolar -- Fundación oficial de Arequipa 1540 - 1940 -- Notas biográficas...
700 _aFrancisco Javier de Echeverría
_91791
700 _aMariano A. Cateriano
_91792
700 _aLadislao Cabrera Valdez
_91793
700 _aDean Juan Gualberto Valdivia
_91794
700 _aFray Victor M. Barriga
_91795
700 _aFrancisco Mostajo
_91796
700 _aVictor Andrés Belaunde
_91797
700 _aAlberto Ballón Landa
_91798
700 _aTeodoro Núñez Ureta
_91799
700 _aMonseñor Santiago Martínez
_91800
700 _aJosé Luis Bustamante y Rivero
_91801
700 _aSalvador Cornejo
_91802
700 _aVictor N. Benavente
_91803
942 _2ddc
_cLIBROS
945 _alccs
_d2019-02-23